| 000 | 01929nam a22002777a 4500 | ||
|---|---|---|---|
| 003 | OSt | ||
| 005 | 20250619111558.0 | ||
| 008 | 231215b |||||||| |||| 00| 0 eng d | ||
| 020 | _a9780373285754 | ||
| 037 | _3Donación | ||
| 040 |
_aCO-JMCR _cCO-JMCR _dCO-JMCR _erda |
||
| 082 |
_223 _aA-N _bROBm |
||
| 100 |
_aRoberts, Nora _eAutor _943029 |
||
| 245 |
_aThe MacKade brothers: _bRafe & Jared / _cNora Roberts |
||
| 246 |
_aLos hermanos Mackade: _bRafe & Jared |
||
| 260 |
_aEstados unidos : _bSilhouette, _c2004 |
||
| 300 |
_a473 páginas _c20 cm |
||
| 490 | _aNora Roberts Collection | ||
| 500 | _aIncluye datos biográficos del autor | ||
| 520 | _aIn this collection of two romance novels, Nora Roberts introduces us to two of the four MacKade brothers, Rafe and Jared. In The Return of Rafe MacKade, Rafe, the oldest brother, returns to his hometown of Antietam, Maryland, after a decade's absence. He is a successful man, but his past haunts him. Regan Jones, a secretive antique dealer with a secret love for Rafe since high school, becomes his unexpected confidante and business partner. As they work together, their undeniable chemistry ignites, but their opposing personalities and past hurts make their path to love a difficult one. In The Seduction of Jared, Jared, the older brother, meets Savannah Duboise, a single mother with a strong spirit and a young daughter. Despite their initial dislike, Jared is drawn to Savannah's strength and independence, while she is intrigued by his hidden vulnerability. As they navigate their attraction amid family drama and Savannah's past, they discover a deep connection that challenges their preconceived ideas about love and family. | ||
| 546 | _aLibro en inglés | ||
| 650 |
_2JMCR _aNovela estadounidense _ysiglo xx _96991 |
||
| 650 |
_2JMCR _aNovela amorosa _yestadounidense _943038 |
||
| 650 |
_2JMCR _aAmor en la literatura _9634 |
||
| 942 |
_2ddc _cBK |
||
| 999 |
_c30463 _d16847 |
||